000 01061nam a2200217 a 4500
001 48896
005 20180714033352.0
008 140415s2004 sp 000 0 spa d
020 _a8493384917
041 _aspa
082 _a909.08
_bRAY
100 1 _aRAYNER, ED
245 1 0 _aDESMONTANDO LA HISTORIA
250 _a1a ed.
260 _aESPAÑA :
_bEDICIONES ROBINBOOK, S. L.,
_c2004
300 _a200
_c24 x 17.5 x 2
520 _aNI SIQUIERA EN LOS VARIOS PROCESOS DE DESCLASIFICACION DE INFORMACION RESERVADA ACONTECIDOS A LO LARGO DE LOS SIGLOS SE HAN PRODUCIDO TANTO Y TAN SORPRENDENTES DESCUBRIMIENTOS ACERCA DE LA VERDAD COMO EN ESTE LIBRO. CON GRAN RIGOR Y SAGACIDAD, LOS AUTORES TRAEN A LA ACTUALIDAD O, SIMPLEMENTE, RESCATAN CINETOS DE HECHOS QUE QUEDARON IMPRESIONADOS EN LOS PAPELES DE LA HISTORIA CON, TAL VEZ, MAS LIRISMO QUE FIDELIDAD Y MAS DESEOS DE GLORIA QUE DE HONOR A LA VERDAD
650 1 4 _aHISTORIA UNIVERSAL MODERNA
_xHISTORIA CONTEMPORANEA
700 1 _aBRAVO, JOSE ANTONIO
_etr.
740 _aDEBUNKING HISTORY
999 _c48896
_d48896